000 00192 a2200097 4500
020 _a9780892392261
041 _aspa
100 _aIna Cumpiano
245 _aQuinitos dias y noches
942 _cBK
999 _c12302
_d12302